00694nam a2200229Ia 4500001000600000003000900006008004100015040001300056040001300069041001300082100001700095100002900112245005300141245006300194250001100257260001800268260001300286260004900299300005700348650002800405650003100433G5223IT-RoPAU130308s9999 xx 000 0 und d aIT-RoPAU cIT-RoPAU aITALIANO aPrandi Carlo gCodice Aut. SPICS: 2364 aZavattini: Cristo, il cristianesimo, i cristiani bDiviso in Due. Cesare Zavattini: Cinema e Cultura Popolare a1a ed. aREGGIO EMILIA bDiabasis c1999 [1° Ed.:1999 - Ed.Ling.Originale:1999] a"11 p. (prefazione: no ; testo: 11 [pagine: 81-91])" aAUTORI/OPERE DEL CINEMA eCodice materia Spics: 6807